00436nam a2200157Ia 4500008004100000020000700041082001600048100001600064245003900080250000700119260003100126300003100157500001900188600002100207650005000228240925s9999 xx 000 0 und d aNA a005.437 TOD aTodd, chad 0aHack Proofing Windows 2000 Server  aNA aLondon:bContinuumc,2001. axxiii,855p.bNAfPhotocopy aIncludes Index aComputer Science aComputer science, information & general works